| 000 | 00631nam a2200241Ia 4500 | ||
|---|---|---|---|
| 003 | OSt | ||
| 005 | 20221005043943.0 | ||
| 006 | a|||||r|||| 00| 0 | ||
| 007 | ta | ||
| 008 | 221004b |||||||| |||| 00| 0 eng d | ||
| 024 | _a27526 | ||
| 037 | _cTextual | ||
| 040 |
_aCRL _cCRL _beng |
||
| 041 |
_2eng _aeng |
||
| 082 | _aO111xN5, J0 | ||
| 100 |
_aLehmann John Editor _9592026 |
||
| 245 | 0 | _aNew writing | |
| 260 |
_aHarmondsworth _bPenguin Books Ltd _c1950 |
||
| 300 |
_a128p. _ccm. |
||
| 650 | _aENGLISH LITERATURE | ||
| 942 |
_hO111xN5, J0 _cTEXL _2cc |
||
| 999 |
_c952615 _d952615 |
||